Malpractices (Record no. 116787)

MARC details
000 -LEADER
fixed length control field 00710cam a22002055a 4500
001 - CONTROL NUMBER
control field L142862
008 - FIXED-LENGTH DATA ELEMENTS--GENERAL INFORMATION
fixed length control field 080317e19040804xxk eng u
035 ## - SYSTEM CONTROL NUMBER
System control number (Sirsi) u142862
041 ## - LANGUAGE CODE
Language code of text/sound track or separate title eng
110 1# - MAIN ENTRY--CORPORATE NAME
Corporate name or jurisdiction name as entry element Estate Agents Institute
9 (RLIN) 1038
245 00 - TITLE STATEMENT
Title Malpractices
260 ## - PUBLICATION, DISTRIBUTION, ETC.
Place of publication, distribution, etc. London
Name of publisher, distributor, etc. Estate Agents' Institute
Date of publication, distribution, etc. 1904
300 ## - PHYSICAL DESCRIPTION
Extent 1 sheet
Dimensions 20 x 17cm.
340 ## - PHYSICAL MEDIUM
Material base and configuration Printed
351 ## - ORGANIZATION AND ARRANGEMENT OF MATERIALS
Hierarchical level Single item
500 ## - GENERAL NOTE
General note Item is a printed letter signed by Walter Jas. Taylor, Secretary, regarding possible malpractices being carried out by an individual, and warning the recipients of the letter to be on their guard.
651 4# - SUBJECT ADDED ENTRY--GEOGRAPHIC NAME
Geographic name England
Chronological subdivision 886-
690 ## - LOCAL SUBJECT ADDED ENTRY--TOPICAL TERM (OCLC, RLIN)
Topical term or geographic name as entry element ABOUT RICS-RELATED ORGANISATIONS
942 ## - ADDED ENTRY ELEMENTS (KOHA)
Suppress in OPAC 0
Holdings
Withdrawn status Lost status Source of classification or shelving scheme Damaged status Not for loan Home library Current library Shelving location Date acquired Total Checkouts Full call number Barcode Date last seen Copy number Price effective from Koha item type
    Dewey Decimal Classification     London London Basement 17/03/2008   BASEMENT BOX 3 142862-1001 06/08/2019 1 06/08/2019 Archive